| 000 | 00473 a2200169 4500 | ||
|---|---|---|---|
| 003 | OSt | ||
| 005 | 20231215135542.0 | ||
| 008 | 231215b |||||||| |||| 00| 0 eng d | ||
| 020 | _a9789387155572 | ||
| 040 | _coclc | ||
| 082 |
_a891.433 _bVER/A |
||
| 100 |
_aVarma, Nirmal _96662 |
||
| 245 |
_aANTIM ARANYA / _cNirmal Verma |
||
| 260 |
_aNew Delhi: _bVani Prakashan, _c2017. |
||
| 300 | _a214 p | ||
| 942 |
_2ddc _cBK _h891.433 _iVER/A _k891.433 _mVER/A |
||
| 999 |
_c43419 _d43419 |
||